| 000 | 00752nam a2200253 a 4500 | ||
|---|---|---|---|
| 001 | BRCA_7540 | ||
| 005 | 20190320205858.0 | ||
| 008 | 300513s1954----enkab#####---#000-0#eng-# | ||
| 041 | _aeng | ||
| 044 | _aenk | ||
| 050 | 4 |
_aN7265 _b.F73 1954 |
|
| 100 | 1 |
_aFrankfort, Henri _918590 |
|
| 245 | 1 | 0 |
_aThe art and architecture of the ancient orient _cHenri Frankfort. |
| 260 |
_aHarmondsworth, Gran Bretaña _bPenguin _cc1954 |
||
| 300 |
_axxvi, 279 p. _bil., 192 láminas, mapas _c27 cm. |
||
| 440 | 0 |
_aThe Pelican history of art _918591 |
|
| 500 | _aS9 | ||
| 650 | 1 | 4 |
_aArte oriental _918592 |
| 650 | 1 | 4 |
_aArquitectura oriental _918593 |
| 650 | 1 | 4 |
_aArte _xHistoria _918594 |
| 650 | 1 | 4 |
_aArquitectura _xHistoria _91467 |
| 902 | _aGFM | ||
| 942 |
_2lcc _cB |
||
| 999 |
_c7214 _d7214 |
||